VBA And Macros For Microsoft Office Excel 2007 (Record no. 319604)
[ view plain ]
| 000 -LEADER | |
|---|---|
| fixed length control field | 00393nam a2200145Ia 4500 |
| 008 - FIXED-LENGTH DATA ELEMENTS--GENERAL INFORMATION | |
| fixed length control field | 230718s9999 xx 000 0 und d |
| 041 ## - LANGUAGE CODE | |
| Language code of text/sound track or separate title | eng |
| 082 ## - DEWEY DECIMAL CLASSIFICATION NUMBER | |
| Classification number | 005.3684 |
| Item number | JEL |
| 100 ## - MAIN ENTRY--PERSONAL NAME | |
| Personal name | Jelen B. |
| 245 ## - TITLE STATEMENT | |
| Title | VBA And Macros For Microsoft Office Excel 2007 |
| 260 ## - PUBLICATION, DISTRIBUTION, ETC. (IMPRINT) | |
| Name of publisher, distributor, etc. | Pearson Educaton |
| 365 ## - TRADE PRICE | |
| Currency code | Rs. |
| Price amount | 499.00 |
| 700 ## - ADDED ENTRY--PERSONAL NAME | |
| Personal name | Jelen B. & Syrstad T. |
| 906 ## - LOCAL DATA ELEMENT F, LDF (RLIN) | |
| d | B:517419-Jul-2008 |
| c | COMP |
| b | 99.8 |
| Withdrawn status | Lost status | Damaged status | Not for loan | Home library | Current library | Date acquired | Vendor | Budget Code | Cost, normal purchase price | Bill number | Total Checkouts | Full call number | Barcode | Date last seen | Discount | Cost, replacement price | Bill Date | Koha item type | Original Barcode |
|---|---|---|---|---|---|---|---|---|---|---|---|---|---|---|---|---|---|---|---|
| Cummins College of Engineering for Women Pune | Cummins College of Engineering for Women Pune | 12/11/2008 | Tbs | COMP | 399.20 | 5174 | 005.3684 | CCEP-BK-30811 | 18/07/2023 | 99.8 | 499.00 | 19/07/2008 | Books | 030811 |